00967cam a2200241 a 450000100090000000300050000900500170001400800410003101000170007202000200008903800110010904000180012005000170013808200170015510000370017224500880020926000450029730000340034250502200037660000310059660000540062765000440068116529775Nust20180806061230.0101103s2011 caua 000 1 eng  a 2010044890 a 978-1607102113 aArshad aDLCcDLCdDLC00aPR4621b201100a823.912bDOY1 aDoyle, Arthur Conan,d1859-1930.14aThe last adventures of Sherlock Holmes, and other stories /cby Arthur Conan Doyle. aSan Diego :bCanterbury Classics,c2011. axix, 196 p. :bill. ;c24 cm.0 aA study in scarlet -- The sign of the four -- The adventures of Sherlock Holmes -- The memoirs of Sherlock Holmes -- The return of Sherlock Holmes -- Hounds of the Baskervilles -- The valley of fear -- His last bow.10aHolmes, SherlockvFiction.10aWatson, John H.c(Fictitious character)vFiction. 0aDetective and mystery stories, English.